000 00569cam a22002053a 4500
001 45344
003 PGUSA
005 20140828084040.0
008 140407s2014||||xxu|||||s|||||000 | eng d
040 _aPGUSA
_beng
042 _adc
100 1 _aMaxim, Hiram S.
245 1 0 _aArtificial and Natural Flight
_h[electronic resource] /
_cHiram S. Maxim
260 _bProject Gutenberg,
_c2014
506 _aPublic domain in the USA.
516 _aElectronic text
830 0 _aProject Gutenberg
_v45344
856 4 0 _uhttp://www.gutenberg.org/ebooks/45344
942 _cEB
999 _c274595
_d274595